Biggest City By State - Statistics

General Stats
  • This quiz has been taken 457 times
  • The average score is 36 of 50
Answer Stats
State Population City % Correct
California 3,792,621 Los Angeles
98%
Colorado 619,968 Denver
95%
Illinois 2,707,120 Chicago
94%
Arizona 1,445,632 Phoenix
93%
Massachusetts 625,087 Boston
91%
Hawaii 390,738 Honolulu
91%
Geogia 432,427 Atlanta
90%
Michigan 706,585 Detroit
90%
New York 8,244,910 New York City
90%
Texas 2,145,146 Houston
89%
Indiana 836,921 Indianapolis
87%
Nevada 589,317 Las Vegas
87%
Louisiana 343,829 New Orleans
87%
Mississippi 175,561 Jackson
86%
Maine 66,363 Portland
86%
Oregon 593,820 Portland
86%
Pennsylvania 1,536,471 Philadelphia
85%
Washington 620,778 Seattle
85%
Missouri 463,202 Kansas City
83%
Minnesota 387,753 Minneapolis
83%
Florida 827,928 Jacksonville
82%
Oklahoma 591,967 Oklahoma City
82%
Alaska 291,286 Anchorage
80%
Arkansas 193,524 Little Rock
79%
Utah 189,899 Salt Lake City
79%
Maryland 619,413 Baltimore
78%
Idaho 205,671 Boise
76%
Tennessee 652,050 Memphis
75%
Ohio 797,434 Columbus
74%
North Carolina 751,087 Charlotte
72%
Iowa 206,599 Des Moines
71%
New Mexico 552,804 Albuquerque
69%
Nebraska 415,068 Omaha
69%
Alabama 212,273 Birmingham
67%
Kentucky 602,011 Louisville
67%
Rhode Island 178,042 Providence
67%
Wisconsin 597,867 Milwaukee
64%
West Virginia 122,689 Charleston
61%
Wyoming 60,069 Cheyenne
58%
New Jersey 277,540 Newark
58%
Virginia 442,707 Virginia Beach
54%
Kansas 384,445 Wichita
53%
South Carolina 130,591 Columbia
51%
North Dakota 107,349 Fargo
48%
Montana 151,882 Billings
43%
South Dakota 156,592 Sioux Falls
41%
Delaware 70,851 Wilmington
35%
New Hampshire 109,830 Manchester
34%
Connecticut 144,299 Bridgeport
33%
Vermont 42,645 Burlington
32%
No matching quizzes found
Score Distribution
Percent of People with Each Score
Percentile by Number Answered
Your Score History
You have not taken this quiz